Studies in international space law / (Record no. 9705)
[ view plain ]
| 000 -LEADER | |
|---|---|
| fixed length control field | 00876cam a22002532 4500 |
| 001 - CONTROL NUMBER | |
| control field | 0000021522 |
| 005 - DATE AND TIME OF LATEST TRANSACTION | |
| control field | 20151217152234.0 |
| 008 - FIXED-LENGTH DATA ELEMENTS--GENERAL INFORMATION | |
| fixed length control field | 120710s xx 000 0 eng d |
| 020 ## - INTERNATIONAL STANDARD BOOK NUMBER | |
| International Standard Book Number | 0198257309 : |
| 040 ## - CATALOGING SOURCE | |
| Original cataloging agency | KABU |
| Transcribing agency | KABU |
| 100 1# - MAIN ENTRY--PERSONAL NAME | |
| Personal name | Cheng, Bin. |
| -- | 0000182432 |
| 245 10 - TITLE STATEMENT | |
| Title | Studies in international space law / |
| Statement of responsibility, etc. | Bin Cheng. |
| 250 ## - EDITION STATEMENT | |
| Edition statement | 1st ed. |
| 260 ## - PUBLICATION, DISTRIBUTION, ETC. (IMPRINT) | |
| Place of publication, distribution, etc. | Oxford : |
| Name of publisher, distributor, etc. | Clarendon Press, |
| Date of publication, distribution, etc. | 1997. |
| 300 ## - PHYSICAL DESCRIPTION | |
| Extent | lxviii, 798 p. |
| 650 #0 - SUBJECT ADDED ENTRY--TOPICAL TERM | |
| Topical term or geographic name as entry element | Space law. |
| -- | 0000182433 |
| 852 1# - LOCATION | |
| -- | p14355 KES |
| 852 1# - LOCATION | |
| -- | p14355 KES |
| 852 1# - LOCATION | |
| -- | p14355 KES |
| 852 1# - LOCATION | |
| -- | p14355 KES |
| 852 1# - LOCATION | |
| -- | p14355 KES |
| 908 ## - PUT COMMAND PARAMETER (RLIN) | |
| Put command parameter | 120710 |
| 950 ## - LOCAL HOLDINGS (RLIN) | |
| -- | 1 |
| Withdrawn status | Lost status | Source of classification or shelving scheme | Not for loan | Home library | Current library | Date acquired | Total Checkouts | Total Renewals | Full call number | Barcode | Date last seen | Date last checked out | Price effective from | Koha item type |
|---|---|---|---|---|---|---|---|---|---|---|---|---|---|---|
| Library of Congress Classification | Kabarak, Main Campus | Kabarak, Main Campus | 17/12/2015 | 10 | 1 | KZD1145 .C44 1997 c. 1 | 013362 | 29/03/2022 | 15/03/2022 | 17/12/2015 | General Collection | |||
| Library of Congress Classification | Kabarak, Main Campus | Kabarak, Main Campus | 17/12/2015 | 7 | 2 | KZD1145 .C44 1997 c. 2 | 013359 | 16/02/2026 | 20/01/2026 | 17/12/2015 | General Collection | |||
| Library of Congress Classification | Kabarak, Main Campus | Kabarak, Main Campus | 17/12/2015 | 2 | KZD1145 .C44 1997 c. 3 | 013382 | 14/10/2025 | 06/10/2025 | 17/12/2015 | General Collection | ||||
| Library of Congress Classification | Kabarak, Main Campus | Kabarak, Main Campus | 17/12/2015 | 5 | KZD1145 .C44 1997 c. 4 | 013360 | 19/05/2021 | 05/05/2021 | 17/12/2015 | General Collection | ||||
| Library of Congress Classification | Kabarak, Main Campus | Kabarak, Main Campus | 17/12/2015 | 2 | 1 | KZD1145 .C44 1997 c. 5 | 013361 | 23/01/2026 | 20/01/2026 | 17/12/2015 | General Collection |